Webster's third new international dictionary of the English language, unabridged. (Record no. 957)

000 -LEADER
fixed length control field 00713nam a2200205 a 4500
001 - CONTROL NUMBER
control field :::00014136$&:&@@
003 - CONTROL NUMBER IDENTIFIER
control field OkBaRHE
005 - DATE AND TIME OF LATEST TRANSACTION
control field 20100325145624.0
008 - FIXED-LENGTH DATA ELEMENTS--GENERAL INFORMATION
fixed length control field s1986 j 000 0 eng u
020 ## - INTERNATIONAL STANDARD BOOK NUMBER
International Standard Book Number 0877792011 (blue sturdite)
040 ## - CATALOGING SOURCE
Transcribing agency
100 1# - MAIN ENTRY--PERSONAL NAME
Personal name Gove, Philip Babcock, 1902-1972,
245 10 - TITLE STATEMENT
Title Webster's third new international dictionary of the English language, unabridged.
260 ## - PUBLICATION, DISTRIBUTION, ETC. (IMPRINT)
Place of publication, distribution, etc Springfield, MA., :
Name of publisher, distributor, etc Merriam-Webster
Date of publication, distribution, etc 1986
300 ## - PHYSICAL DESCRIPTION
Extent 2662 p. ;
Dimensions 32 cm.
650 ## - SUBJECT ADDED ENTRY--TOPICAL TERM
Topical term or geographic name as entry element English Language
General subdivision Dictionaries
700 ## - ADDED ENTRY--PERSONAL NAME
Personal name Merriam-Webster, Inc.
942 ## - ADDED ENTRY ELEMENTS (KOHA)
Source of classification or shelving scheme
Koha item type Books
Copies
Shelving location Permanent Location Source of classification or shelving scheme Koha item type Price effective from Date last seen Collection code Damaged status Full call number Withdrawn status Date acquired Copy number Barcode Not for loan Lost status
General StacksRHEMA Bible Training College Books2010-04-142010-04-14Reference PE 1625 .W36 1986 2010-04-14114136